00873nam a22002777a 45000010005000000030006000050050017000110080041000280200018000690400029000870500015001160820010001311000021001412450040001622600047002023000054002494900017003035050008003205200095003285210020004235210020004436500031004636500036004946500034005307000031005647763FISKH20250805100215.0250805b cb ||||| |||| 00| 0 eng d a9781615905058 aFISKHbengcFISKHdFISKH aSF197 .M47 a636.2 aMeredith , Susan aCows on the farms /cSusan Meredith aVero Beach :bRoourke Publishing , c2011. a24 pages : bcolor illustrations ;c21 X 21 cm .  aFarm Animals aP  aDiscover how farmers care for cows and what benefits we get from these large farm animals.8 a640 bLexile 8 aP bRaz-Plus  aCowsvJuvenile Literature  aFarm lifevJuvenile Literature  aRanchesvJuvenile Literature  aMcKenzie, PreciouseEdior